1138 1801 1008 1496 1737 1835 1049 1467 1932 1891 1579 1878 1650 1919 1987 1197 1634 1350 1068 1576 1597 1729 1610 1548 1449 1006 1630 1101 1919 1153 1134 1028 1349 1410 1225 1222 1396 1469 1147 1547 1455 1625 1437 1363 1746 1260 1868 1648 1668 1634 1042 1715 1808 1445 1200 1552 1545 1739 1903 1338 1620 1528 1887 1704 1232 1447 1195 1714 1346 1959 1151 1201 1687 1679 1042 1238 1614 1149 1941 1054 1192 1448 1664 1390 1321 1557 1859 1168 1698 1135 1864 1403 1139 1978 1406 1253 1535 1987 1865 BCNSPRNW ULIB Ver.6.0+V

เปลี่ยนเป็นภาษาไทย

Change to English
 แสดงรายละเอียดบรรณานุกรม
  กลับหน้าหลัก

Brief Record : Get Marc (ISO 2709) : E-mail record : QR code < ปิดหน้าต่าง
LEADER : 00000nam 2200000uu 4500
001    13399125942
003     ULIB
008    171120s2560||||th 000 0 tha d
020    ^a9786169173700
060  0 ^aWU7 อ292ร
100 0  ^aอมรสิทธ์ เมืองคุ้ม
245 00 ^aรักปาก รักษ์ฟัน3"ปวดฟัน ป้องกันได้"/^bอมรสิทธ์ เมืองคุ้ม
250    ^aพิมพ์ครั้งที่ 4
260    ^aกรุงเทพฯ: ^bเอมี่ เอ็นเตอร์ไพรส์, ^c2557
300    ^a138 หน้า,^bภาพประกอบ
650  0 ^aฟัน--การดูแลและสุขวิทยา
650  0 ^aปาก--โรค
945    ^p0^l0^i003376
945    ^p0^l0^i003377
999    ^aประนอม เกษจรัล
รายการนี้ยังไม่มีแท็ก
คุณยังไม่ได้ล็อกอิน คุณสามารถมีกิจกรรมร่วมกับเว็บไซต์ได้ แต่ต้องล็อกอินก่อน ::
  ล็อกอิน

รายการสื่อสารสนเทศ

ลำดับที่ ประเภท เลขเรียก/บาร์โค้ด สถานที่ สถานะ
1. วิทยาศาสตร์การแพทย์ และสุขภาพ
วิทยาศาสตร์การแพทย์ และสุขภาพ
สถานะ=หนังสือเก่า
WU7 อ292ร ฉ.1 
  Barcode: 003376
ห้องสมุดวิทยาเขตสวรรค์ประชารักษ์
►ส่วนจัดเก็บหนังสือเก่า สปร
บนชั้น
  ขอยืม
2. วิทยาศาสตร์การแพทย์ และสุขภาพ
วิทยาศาสตร์การแพทย์ และสุขภาพ
สถานะ=หนังสือเก่า
WU7 อ292ร ฉ.2 
  Barcode: 003377
ห้องสมุดวิทยาเขตสวรรค์ประชารักษ์
►ส่วนจัดเก็บหนังสือเก่า สปร
บนชั้น
  ขอยืม

รายการใกล้เคียง
    ผู้แต่ง [อมรสิทธ์ เมืองคุ้ม]

    หัวเรื่อง [ฟัน--การดูแลและสุขวิทยา]
    หัวเรื่อง [ปาก--โรค]

BibComment


ยังไม่เคยถูกคอมเมนท์

คอมเมนท์ทรัพยากรรายการนี้
  คอมเมนท์: รักปาก รักษ์ฟัน3..


 Copyright 2026. Bcnsprnw @Library